| 000 | 00909nam a2200193 a 4500 | ||
|---|---|---|---|
| 001 | BRCA_311 | ||
| 005 | 20190320202945.0 | ||
| 008 | 260508s2007----sp-a---###---#000-0#spa-# | ||
| 050 | 4 |
_aND196.V3 _b.V37 2007 |
|
| 245 | 1 | 0 |
_aVasos comunicantes _bvanguardias latinoamericanas y Europa, 1900-1950. |
| 260 |
_aEspaña _bJunta de León y Castilla : Ministerio de Cultura : Sociedad Estatal de Conmemoraciones Culturales _c2007 |
||
| 300 |
_a231 p. _bil. a color _c24 cm. |
||
| 500 | _aCatálogo de la exposición realizada en el Museo de Arte Contemporáneo Esteban Vicente (Segovia), 20 diciembre, 2006 - 18 febrero, 2007 | ||
| 500 | _aIncluye piezas de la colección Franz Mayer: p. 153 y 154 | ||
| 500 | _a2do. ejemplar en el Área de Investigación | ||
| 650 | 1 | 4 |
_aVanguardias artísticas _ySiglo XX _zAmérica Latina _91037 |
| 650 | 1 | 4 |
_aPintores latinoamericanos _xViajes a Europa _ySiglo XX _91038 |
| 942 |
_2lcc _cB |
||
| 999 |
_c250 _d250 |
||